Of human bonding: parent-child relations across the life course
| Authors: | ; |
|---|---|
| Format: | Print Book |
| Language: | English |
| Published: |
New York
Aldine de Gruyter
1990
|
| In: | Year: 1990 |
| Online Access: |
Table of Contents Table of Contents |
| Availability in Tübingen: | Present in Tübingen. UB: KB 18 A 8565 |
| Check availability: | HBZ Gateway |
| Subito Delivery Service: | Order now. |
| Keywords: |
MARC
| LEADER | 00000cam a2200000 c 4500 | ||
|---|---|---|---|
| 001 | 275492516 | ||
| 003 | DE-627 | ||
| 005 | 20260206205109.0 | ||
| 007 | tu | ||
| 008 | 901004s1990 xx ||||| 00| ||eng c | ||
| 020 | |a 0202303616 |9 0-202-30361-6 | ||
| 020 | |a 0202303608 |9 0-202-30360-8 | ||
| 035 | |a (DE-627)275492516 | ||
| 035 | |a (DE-603)017060044 | ||
| 035 | |a (DE-576)021823227 | ||
| 035 | |a (DE-599)GBV275492516 | ||
| 035 | |a (OCoLC)246751462 | ||
| 035 | |a (OCoLC)20852735 | ||
| 035 | |a (DE-604)8042103738 | ||
| 035 | |a (AT-OBV)AC01531742 | ||
| 040 | |a DE-627 |b ger |c DE-627 |e rakwb | ||
| 041 | |a eng | ||
| 082 | 0 | |a 306.874 | |
| 084 | |a CQ 6000 |2 rvk |0 (DE-625)rvk/19011: | ||
| 084 | |a MS 1990 |2 rvk |0 (DE-625)rvk/123627: | ||
| 100 | 1 | |8 1\p |a Rossi, Alice S. |d 1922-2009 |0 (DE-588)1011749335 |0 (DE-627)704801256 |0 (DE-576)343596059 |4 aut | |
| 109 | |a Rossi, Alice S. 1922-2009 |a Schaerr, Alice Emma 1922-2009 | ||
| 245 | 1 | 0 | |a Of human bonding |b parent-child relations across the life course |c Alice S. Rossi and Peter H. Rossi |
| 264 | 1 | |a New York |b Aldine de Gruyter |c 1990 | |
| 300 | |a XVIII, 542 S. |b graph. Darst. | ||
| 336 | |a Text |b txt |2 rdacontent | ||
| 337 | |a ohne Hilfsmittel zu benutzen |b n |2 rdamedia | ||
| 338 | |a Band |b nc |2 rdacarrier | ||
| 490 | 0 | |a Social institutions and social change | |
| 505 | 8 | |a Literaturverz. S. 515 - 525 | |
| 650 | 0 | 7 | |0 (DE-588)4034869-6 |0 (DE-627)106250485 |0 (DE-576)209009527 |a Lebenslauf |2 gnd |
| 650 | 0 | 7 | |0 (DE-588)4441518-7 |0 (DE-627)22471645X |0 (DE-576)212475037 |a Generationsbeziehung |2 gnd |
| 650 | 0 | 7 | |0 (DE-588)4016397-0 |0 (DE-627)104427175 |0 (DE-576)208915818 |a Familie |2 gnd |
| 689 | 0 | 0 | |d s |0 (DE-588)4016397-0 |0 (DE-627)104427175 |0 (DE-576)208915818 |a Familie |2 gnd |
| 689 | 0 | 1 | |d s |0 (DE-588)4034869-6 |0 (DE-627)106250485 |0 (DE-576)209009527 |a Lebenslauf |2 gnd |
| 689 | 0 | |5 (DE-627) | |
| 689 | 1 | 0 | |d s |0 (DE-588)4441518-7 |0 (DE-627)22471645X |0 (DE-576)212475037 |a Generationsbeziehung |2 gnd |
| 689 | 1 | |5 (DE-627) | |
| 700 | 1 | |a Rossi, Peter H. |d 1921-2006 |0 (DE-588)131609742 |0 (DE-627)511698895 |0 (DE-576)162792387 |4 aut | |
| 856 | 4 | 2 | |u http://www.gbv.de/dms/hbz/toc/ht003691361.PDF |m V:DE-605 |v 2008-11-15 |x Verlag |y Inhaltsverzeichnis |3 Inhaltsverzeichnis |7 1 |
| 856 | 4 | 2 | |u http://scans.hebis.de/HEBCGI/show.pl?01706004_toc.pdf |m V:DE-603;B:DE-17 |q application/pdf |3 Inhaltsverzeichnis |7 1 |
| 883 | |8 1\p |a cgwrk |d 20241001 |q DE-101 |u https://d-nb.info/provenance/plan#cgwrk | ||
| 935 | |i Blocktest | ||
| 935 | |h HEB |i 0501 | ||
| 935 | |h HEB |i 0503 | ||
| 936 | r | v | |a CQ 6000 |b Kindheit und Jugend |k Psychologie |k Entwicklungspsychologie |k Kindheit und Jugend |0 (DE-627)1270875655 |0 (DE-625)rvk/19011: |0 (DE-576)200875655 |
| 936 | r | v | |a MS 1990 |b Eltern-Kind-Beziehungen, Vater , Mutter, Pflegeeltern |k Soziologie |k Spezielle Soziologien |k Familiensoziologie |k Eltern-Kind-Beziehungen, Vater , Mutter, Pflegeeltern |0 (DE-627)1271300494 |0 (DE-625)rvk/123627: |0 (DE-576)201300494 |
| 936 | s | n | |a c200 |2 mzub |
| 936 | s | n | |a m200 |2 mzub |
| 951 | |a BO | ||
| ELC | |b 1 | ||
| LOK | |0 000 xxxxxcx a22 zn 4500 | ||
| LOK | |0 001 3344330640 | ||
| LOK | |0 003 DE-627 | ||
| LOK | |0 004 275492516 | ||
| LOK | |0 005 20151016153545 | ||
| LOK | |0 008 910916||||||||||||||||ger||||||| | ||
| LOK | |0 040 |a DE-21 |c DE-627 |d DE-21 | ||
| LOK | |0 852 |a DE-21 | ||
| LOK | |0 852 1 |c KB 18 A 8565 |9 00 | ||
| LOK | |0 935 |a krim | ||
| LOK | |0 939 |a 16-09-91 |b l01 | ||
| ORI | |a SA-MARC-krimdoka001.raw | ||
| SIG | |a UB: KB 18 A 8565 | ||
